000 00674nam a2200241 i 4500
001 bg
100 1 _aWROŃSKI, Paweł
245 0 0 _aBankowość elektroniczna dla firm /
_cPaweł Wroński.
260 _aWarszawa :
_bCeDeWu,
_c2004.
300 _a86 s. :
_bil. ;
_c24 cm.
504 _aBibliogr.
650 9 _aBanki internetowe
650 9 _aKarty płatnicze
650 9 _aPieniądz elektroniczny
020 _a8387885711
040 _cBPK
041 0 _apol
080 _a336.71:004.738.5
920 _a83-87885-71-1
942 _cKS
008 s pl f |000 0 pol
999 _c45408
_d45408
856 _uhttp://koha.tu.koszalin.pl/cgi-bin/koha/opac-detail.pl?biblionumber=45408
_yKatalog online BPK